<?xml version="1.0" encoding="UTF-8"?>
<collection xmlns="http://www.loc.gov/MARC21/slim">
 <record>
  <leader>02241pam a22002778a 4500</leader>
  <controlfield tag="001">00030693</controlfield>
  <controlfield tag="005">20171026081025.0</controlfield>
  <controlfield tag="008">130607s2013                  ||||||viesd</controlfield>
  <datafield tag="020" ind1=" " ind2=" ">
   <subfield code="c">0</subfield>
  </datafield>
  <datafield tag="041" ind1="0" ind2="#">
   <subfield code="a">vie</subfield>
  </datafield>
  <datafield tag="082" ind1="1" ind2="4">
   <subfield code="a">657.07</subfield>
   <subfield code="b">CH561TR</subfield>
  </datafield>
  <datafield tag="245" ind1="1" ind2="0">
   <subfield code="a">Chương trình đào tạo giáo dục đại học hệ chính quy theo hệ thống tín chỉ ngành kế toán</subfield>
  </datafield>
  <datafield tag="260" ind1="#" ind2="#">
   <subfield code="a">Cần Thơ</subfield>
   <subfield code="b">Đại học Cần Thơ</subfield>
   <subfield code="c">2013</subfield>
  </datafield>
  <datafield tag="300" ind1="#" ind2="#">
   <subfield code="a">295 tr.</subfield>
   <subfield code="c">27 cm.</subfield>
  </datafield>
  <datafield tag="500" ind1="#" ind2="#">
   <subfield code="a">Đầu bìa sách ghi: Bộ Giáo dục và Đào tạo MOET. Ngân hàng phát triển Châu Á ADB. Dự án PT GV THPT&amp;TCCN- Trường Đại học Hà Tĩnh</subfield>
  </datafield>
  <datafield tag="653" ind1="#" ind2="#">
   <subfield code="a">Chương trình đào tạo</subfield>
  </datafield>
  <datafield tag="653" ind1="#" ind2="#">
   <subfield code="a">Kế toán</subfield>
  </datafield>
  <datafield tag="653" ind1="#" ind2="#">
   <subfield code="a">Giáo dục đại học</subfield>
  </datafield>
  <datafield tag="852" ind1="#" ind2="#">
   <subfield code="b">Kho giáo trình</subfield>
   <subfield code="j">KGT.0039060, KGT.0039061, KGT.0039062, KGT.0039063, KGT.0039064, KGT.0039065, KGT.0039066, KGT.0039067, KGT.0039068, KGT.0039069, KGT.0039070, KGT.0039071, KGT.0039072, KGT.0039073, KGT.0039074, KGT.0039075, KGT.0039076, KGT.0039077, KGT.0039078, KGT.0039079, KGT.0039080, KGT.0039081, KGT.0039082, KGT.0039083, KGT.0039084, KGT.0039085, KGT.0039086, KGT.0039087, KGT.0039088, KGT.0039089, KGT.0039090, KGT.0039091, KGT.0039092, KGT.0039093, KGT.0039094, KGT.0039095, KGT.0039096, KGT.0039097, KGT.0039098, KGT.0039099, KGT.0039100, KGT.0039101, KGT.0039102, KGT.0039103, KGT.0039104</subfield>
  </datafield>
  <datafield tag="852" ind1="#" ind2="#">
   <subfield code="b">Kho mượn</subfield>
   <subfield code="j">KGT.0039089</subfield>
  </datafield>
  <datafield tag="852" ind1="#" ind2="#">
   <subfield code="b">Kho đọc</subfield>
   <subfield code="j">KD.0014616</subfield>
  </datafield>
  <datafield tag="852" ind1="#" ind2="#">
   <subfield code="j">KD.0014616</subfield>
   <subfield code="j">KGT.0039090</subfield>
   <subfield code="j">KGT.0039091</subfield>
   <subfield code="j">KGT.0039092</subfield>
   <subfield code="j">KGT.0039094</subfield>
   <subfield code="j">KGT.0039095</subfield>
   <subfield code="j">KGT.0039097</subfield>
   <subfield code="j">KGT.0039098</subfield>
   <subfield code="j">KGT.0039100</subfield>
   <subfield code="j">KGT.0039101</subfield>
   <subfield code="j">KGT.0039103</subfield>
   <subfield code="j">KGT.0039104</subfield>
   <subfield code="j">KGT.0039060</subfield>
   <subfield code="j">KGT.0039062</subfield>
   <subfield code="j">KGT.0039063</subfield>
   <subfield code="j">KGT.0039065</subfield>
   <subfield code="j">KGT.0039067</subfield>
   <subfield code="j">KGT.0039068</subfield>
   <subfield code="j">KGT.0039070</subfield>
   <subfield code="j">KGT.0039071</subfield>
   <subfield code="j">KGT.0039073</subfield>
   <subfield code="j">KGT.0039074</subfield>
   <subfield code="j">KGT.0039076</subfield>
   <subfield code="j">KGT.0039077</subfield>
   <subfield code="j">KGT.0039079</subfield>
   <subfield code="j">KGT.0039080</subfield>
   <subfield code="j">KGT.0039082</subfield>
   <subfield code="j">KGT.0039083</subfield>
   <subfield code="j">KGT.0039085</subfield>
   <subfield code="j">KGT.0039087</subfield>
   <subfield code="j">KGT.0039088</subfield>
   <subfield code="j">KGT.0039078</subfield>
   <subfield code="j">KGT.0039081</subfield>
   <subfield code="j">KGT.0039084</subfield>
   <subfield code="j">KGT.0039086</subfield>
   <subfield code="j">KGT.0039089</subfield>
   <subfield code="j">KGT.0039093</subfield>
   <subfield code="j">KGT.0039096</subfield>
   <subfield code="j">KGT.0039099</subfield>
   <subfield code="j">KGT.0039102</subfield>
   <subfield code="j">KGT.0039061</subfield>
   <subfield code="j">KGT.0039064</subfield>
   <subfield code="j">KGT.0039066</subfield>
   <subfield code="j">KGT.0039069</subfield>
   <subfield code="j">KGT.0039072</subfield>
   <subfield code="j">KGT.0039075</subfield>
  </datafield>
  <datafield tag="910" ind1=" " ind2=" ">
   <subfield code="d">07/06/2013</subfield>
  </datafield>
  <datafield tag="980" ind1="#" ind2="#">
   <subfield code="a">Trung tâm Học liệu Lê Vũ Hùng, Trường Đại học Đồng Tháp</subfield>
  </datafield>
 </record>
</collection>
